000 00592nam a22002055i 4500
001 47984
003 ES-MaACL
007 t|
008 981124s1875 gw ||||1| eng d
040 _aCAM
_bspa
_cCCPB
100 1 _aCraik, Georgiana M.
_941431
245 1 0 _aSylvia's choice
_b: ; Theresa /
_cby Georgiana M. Craik.
260 _aLeipzig :
_bBernhard Tauchnitz,
_c1875.
300 _a1 t. en 1 v. ;
_c16 cm.
490 1 _aCollection of British authors
740 0 _aTheresa.
830 0 _aCollection of British authors
_9180703
852 _aES-MaACL
_jG-12417
999 _c47984
_d47984